Byty a právo

Saved in:
Bibliographic Details
Main Author: Holub, Milan
Format: Book
Language:Czech
Published: Praha Panorama 1989
Edition:2. podstatně přeprac. a dopln. vyd.
Tags: Add Tag
No Tags, Be the first to tag this record!

MARC

LEADER 00000nam a2200000 4500
001 c034605
005 20221215115803.6
041 0 |a cze 
044 |a CZ 
245 1 0 |a Byty a právo  |c Milan Holub 
250 |a 2. podstatně přeprac. a dopln. vyd. 
264 1 |a Praha  |b Panorama  |c 1989 
300 |a 306 s. 
100 1 |a Holub, Milan